000 00190 a2200097 4500
001 11169
100 _aK. Singh
245 _aThe Sikhs
260 _a
_bGeorge Allen
_c
090 _c8723
_d8723
942 _aNUST-CAE
_cM
_c35515
999 _c246242
_d246242